History of philosophy great thinkers from 600 B.C. to the present day (Record no. 541947)

000 -LEADER
fixed length control field 00472nam a22001577a 4500
020 ## - INTERNATIONAL STANDARD BOOK NUMBER
International Standard Book Number 0760708991
082 ## - DEWEY DECIMAL CLASSIFICATION NUMBER
Classification number 109
Author Mark OLI
-- NUST-p-32
100 ## - MAIN ENTRY--PERSONAL NAME
Personal name Oliver Martyn
9 (RLIN) 37021
245 ## - TITLE STATEMENT
Title History of philosophy great thinkers from 600 B.C. to the present day
Statement of responsibility, etc. Oliver Martyn
250 ## - EDITION STATEMENT
Edition statement 1 st.
260 ## - PUBLICATION, DISTRIBUTION, ETC.
Place of publication, distribution, etc. UK.
Name of publisher, distributor, etc. Octopus Publishing group
Date of publication, distribution, etc. 1997
300 ## - PHYSICAL DESCRIPTION
Extent 192 p. :
Other physical details col, ill.
Dimensions 28 m
526 ## - STUDY PROGRAM INFORMATION NOTE
Program name 0
Interest level 0
Reading level 0
Title point value 109_000000000000000_OLI
650 ## - SUBJECT ADDED ENTRY--TOPICAL TERM
Topical term or geographic name entry element MCE
9 (RLIN) 379
942 ## - ADDED ENTRY ELEMENTS (KOHA)
Source of classification or shelving scheme
Koha item type Book
Holdings
Withdrawn status Lost status Source of classification or shelving scheme Damaged status Not for loan Permanent Location Current Location Date acquired Total Checkouts Full call number Barcode Date last seen Price effective from Koha item type
          Military College of Engineering (MCE) Military College of Engineering (MCE) 09/12/2013   109 OLI MCE-44198 09/12/2013 09/12/2013 Book
© 2023 Central Library, National University of Sciences and Technology. All Rights Reserved.